| 000 | 00970nam a22003137a 4500 | ||
|---|---|---|---|
| 003 | CHAP | ||
| 005 | 20220329135828.0 | ||
| 008 | 971013s1993 r 00010 d | ||
| 010 | _a42926 | ||
| 011 | _a43898 | ||
| 035 | _a48035 | ||
| 040 | _cCHAP | ||
| 082 |
_a382.41 _bH4 |
||
| 100 | 0 | 0 |
_aHeron, Richard. _954804 |
| 245 |
_aGlobalized agriculture _b: political choice |
||
| 260 |
_aOxford : _bPergamon, _c1993 |
||
| 300 | _a235 p. | ||
| 590 |
_aBATCH-UPD _b10 _c20130110 _lUCH01 _h1141 |
||
| 590 |
_aBATCH-UPD _b10 _c20130410 _lUCH01 _h0727 |
||
| 590 |
_aBATCH-UPD _b10 _c20130913 _lUCH01 _h2252 |
||
| 590 |
_aCONVERSION _b10 _c20130109 _lUCH01 _h1324 |
||
| 650 | 1 | 4 |
_aAgricultura y Estado. _92035 |
| 650 | 1 | 4 |
_aComercio internacional. _925641 |
| 650 | 1 | 4 |
_aPolítica agrícola. _990283 |
| 650 | 1 | 4 |
_aProductos agrícolas _xMercadeo. _991951 |
| 901 | _aBK | ||
| 942 | _cLIBRO | ||
| 949 |
_a382.41 H4 _bBC _cLIBRO _d33724000000147 _eLIBRO _gI.174041 _h89101 _i48035 _si _t158.23 |
||
| 999 |
_c42926 _d42926 |
||